000 00501nam a22001937a 4500
003 OSt
008 260129b |||||||| |||| 00| 0 eng d
020 _a9788170335221
082 _a307.72
_bD72R
100 _aDoshi, S. L.
245 _aRural Sociology /
_cby S. L. Doshi and P. C. Jain
260 _a.- Jaipur
_b: Rawat Publications
_c, 2015
300 _a365p.
650 _aSocial Sciences
650 _aSociology
650 _aRural Sociology
700 _aJain, P. C.
942 _2ddc
_cBK
_01
999 _c49907
_d49907